Normal view
MARC view
Entry Personal Name
001 - CONTROL NUMBER
- control field: 17622
003 - CONTROL NUMBER IDENTIFIER
- control field: OSt
005 - DATE AND TIME OF LATEST TRANSACTION
- control field: 20240624101417.0
008 - FIXED-LENGTH DATA ELEMENTS
- fixed length control field: 240624|| aca||aabn | a|a d
040 ## - CATALOGING SOURCE
- Original cataloging agency: OSt
- Transcribing agency: OSt
100 ## - HEADING--PERSONAL NAME
- Personal name: Bell, J. L.
- Fuller form of name: (John Lane)
670 ## - SOURCE DATA FOUND
- Source citation: Work cat.: (OSt)8719: Bell, J. L. (John Lane), Boolean-valued models and independence proofs in set theory /, 1985.
